| Tag |
First Indicator |
Second Indicator |
Subfields |
| LEADER |
00000cam a2200000 i 4500 |
| 001 |
in00004592521 |
| 003 |
OCoLC |
| 005 |
20220907141423.4 |
| 008 |
211026t20222022enka f 001 0 eng |
| 010 |
|
|
|a 2021047534
|
| 040 |
|
|
|a DLC
|e rda
|c DLC
|
| 020 |
|
|
|a 9781350933620
|q (hardcover)
|
| 020 |
|
|
|a 1350933627
|q (hardcover)
|
| 020 |
|
|
|a 9781350933637
|q (paperback)
|
| 020 |
|
|
|a 1350933635
|q (paperback)
|
| 020 |
|
|
|z 9781350933644
|q (epub)
|
| 020 |
|
|
|z 9781350933651
|q (pdf)
|
| 020 |
|
|
|z 9781350933668
|
| 035 |
|
|
|a (OCoLC)1281794001
|
| 050 |
0 |
0 |
|a PE1112
|b .H34 2022
|
| 082 |
0 |
0 |
|a 428.2
|2 23
|
| 100 |
1 |
|
|a Harrison, Mark,
|d 1955-
|e author.
|
| 245 |
1 |
0 |
|a Improve your grammar :
|b the essential guide to accurate writing /
|c Mark Harrison, Vanessa Jakeman, Ken Paterson.
|
| 250 |
|
|
|a Third edition.
|
| 264 |
|
1 |
|a London ;
|a New York :
|b Bloomsbury Academic,
|c [2022].
|
| 264 |
|
4 |
|c ©2022.
|
| 300 |
|
|
|a xiii, 152 pages :
|b illustrations ;
|c 27 cm.
|
| 336 |
|
|
|a text
|b txt
|2 rdacontent
|
| 337 |
|
|
|a unmediated
|b n
|2 rdamedia
|
| 338 |
|
|
|a volume
|b nc
|2 rdacarrier
|
| 490 |
1 |
|
|a Bloomsbury study skills
|
| 500 |
|
|
|a Includes index.
|
| 520 |
|
|
|a Featuring clear guidance, plenty of examples and short, targeted exercises in every unit, this guide is all a student needs to master the nuts and bolts of English grammar and tackle their written assignments with confidence.
|
| 650 |
|
0 |
|a English language
|x Grammar
|v Handbooks, manuals, etc.
|
| 700 |
1 |
|
|a Jakeman, Vanessa,
|e author.
|
| 700 |
1 |
|
|a Paterson, Ken,
|d 1958-
|e author.
|
| 830 |
|
0 |
|a Bloomsbury study skills.
|
| 947 |
|
|
|a A14851594425
|
| 980 |
|
|
|b print
|c 40031239775
|f NONFIC/B
|g 565714
|k USD
|m 59.90
|q 1
|s AcqMono Conventional
|t Approval plan
|u Vendor order reference number
|v ZYBP
|y Print approval
|z Physical resource
|
| 999 |
f |
f |
|i 9c40f27d-a341-410a-aac5-4555034e562c
|s b910731d-5667-467e-8c7e-94f126e2d041
|t 0
|
| 952 |
f |
f |
|p normal
|a Texas A&M University
|b College Station
|c Sterling C. Evans Library
|s Evans stk
|d Evans: Library Stacks
|t 0
|e PE1112 .H34 2022
|h Library of Congress classification
|i unmediated -- volume
|m A14851594425
|